Vainqueur de grand prix F1 en 2018 - Statistiques

Statistiques générales
  • Ce quiz a été pris 263 fois
  • Le résultat moyen est 20 sur 21
Statistiques - réponses
Grand Prix Vainqueur % Correct
GP Azerbaidjan Hamilton
100%
GP Espagne Hamilton
100%
GP France Hamilton
100%
GP Allemagne Hamilton
100%
GP Hongrie Hamilton
100%
GP Italie Hamilton
100%
GP Singapour Hamilton
100%
GP Russie Hamilton
100%
GP Japon Hamilton
100%
GP Brésil Hamilton
100%
GP Abou Dabi Hamilton
100%
GP Australie Vettel
97%
GP Bharein Vettel
97%
GP Canada Vettel
97%
GP Grande Bretagne Vettel
97%
GP Belgique Vettel
97%
GP Autriche Verstappen
93%
GP Mexique Verstappen
93%
GP Chine Ricciardo
81%
GP Monaco Ricciardo
81%
GP USA Raikkonen
67%
Aucun quiz correspondant
Distribution des résultats
% des personnes avec chaque résultat
Percentile par nombre de réponses
Votre historique - résultats
Vous n’avez pas pris ce quiz